Statistics for Pokémon starting with a Z (generation 1-7)

Click here to take the quiz!

General Stats

  • This quiz has been taken 4 times
  • The average score is 3 of 11

Answer Stats

GenPokémon% Correct
1Zubat
100%
6Zygarde
67%
3Zangoose
33%
3Zigzagoon
33%
5Zoroark
33%
5Zorua
33%
5Zweilous
33%
1Zapdos
0%
5Zebstrika
0%
5Zekrom
0%
7Zeraora
0%

Score Distribution

Percentile by Number Answered

Percent of People with Each Score

Your Score History

You have not taken this quiz